000 01032nam a2200289 i 4500
001 000009725
003 DO-SdBNP
005 20250909142332.0
007 ta
008 240220s2009 dr 000 p spa d
040 _aDO-SdBNP
_bspa
_cBNPHU
_erda
041 _aspa
082 _axxx
_bR972
_222
245 1 0 _aLa ruta hacia el crecimiento sostenible en la República Dominicana :
_bfiscalidad, competitividad, institucionalidad, electricidad. /
_ceditores Manuel Agosin, Osmel Manzano, Rafael Rodriguez-Balza, Ernesto Stein
264 _aWshington, DC :
_bBanco Interamericano de Desarrollo,
_c2009
300 _a355 paginas. :
_bGráficos ;
_c28 cm.
336 _2rdacontent
_atexto
_btxt
337 _2rdamedia
_asin mediación
_bn
338 _2rdacarrier
_avolumen
_bnc
590 _aInventariado, 2024/DG
650 0 _aLiteratura dominicana.
_967
700 1 _aAgosin, Manuel
_eeditor
_962265
700 1 _aManzano, Osmel
_eeditor
_988604
700 1 _aRodriguez-Balza,
_eeditor
_988605
910 _aDG
942 _2ddc
_cLBS1
999 _c55973
_d55973